书目信息 |
| 题名: |
活在大汉
|
|
| 作者: | 祁莫昕 著 | |
| 分册: | ||
| 出版信息: | 成都 四川人民出版社 2019.01 |
|
| 页数: | 247页 | |
| 开本: | 22cm | |
| 丛书名: | 读书会 | |
| 单 册: | ||
| 中图分类: | K234.09 | |
| 科图分类: | ||
| 主题词: | 汉代--古代史--通俗读物 | |
| 电子资源: | ||
| ISBN: | 978-7-220-11047-4 | |
| 000 | 00985oam2 2200277 450 | |
| 001 | 0120182648647 | |
| 005 | 20201027102802.37 | |
| 010 | @a978-7-220-11047-4@b精装@dCNY49.00 | |
| 100 | @a20190220d2019 em y0chiy50 ea | |
| 101 | 0 | @achi |
| 102 | @aCN@b510000 | |
| 105 | @aa z 000yy | |
| 106 | @ar | |
| 200 | 1 | @a活在大汉@9huo zai da han@f祁莫昕著 |
| 205 | @a2版 | |
| 210 | @a成都@c四川人民出版社@d2019.01 | |
| 215 | @a247页@c图@d22cm | |
| 225 | 2 | @a读书会 |
| 330 | @a本书是中国历史普及读物,以带读者到中国历史上的汉朝“旅行”的新颖视角,让读者从衣食住行、科技文化、社会娱乐等诸多方面了解汉朝在中国历史上留下的深刻烙印。本书以轻松、幽默的笔触展现了汉朝的社会文化史,拉近了读者和历史的距离,让读者在这部“历史纪录片”中寻找中华民族的骄傲。 | |
| 333 | @a历史爱好者 | |
| 461 | 0 | @12001 @a读书会 |
| 606 | 0 | @a汉代@x古代史@j通俗读物 |
| 690 | @aK234.09@v5 | |
| 701 | 0 | @a祁莫昕@9qi mo xin@4著 |
| 801 | 0 | @aCN@b人天书店@c20190220 |
| 905 | @b1298192-95@dK234.09@e107=2@f4 | |
| 活在大汉/祁莫昕著.-2版.-成都:四川人民出版社,2019.01 |
| 247页:图;22cm.-(读书会) |
| 使用对象:历史爱好者 |
| ISBN 978-7-220-11047-4(精装):CNY49.00 |
| 本书是中国历史普及读物,以带读者到中国历史上的汉朝“旅行”的新颖视角,让读者从衣食住行、科技文化、社会娱乐等诸多方面了解汉朝在中国历史上留下的深刻烙印。本书以轻松、幽默的笔触展现了汉朝的社会文化史,拉近了读者和历史的距离,让读者在这部“历史纪录片”中寻找中华民族的骄傲。 |
| ● |
| 相关链接 |
|
|
|
|
正题名:活在大汉
索取号:K234.09/107=2
 
预约/预借
| 序号 | 登录号 | 条形码 | 馆藏地/架位号 | 状态 | 备注 |
| 1 | 1298192 | 212981923 | 第二样本阅览室/ [索取号:K234.09/107=2] | 在馆 | |
| 2 | 1298193 | 212981932 | 第二借阅区/ [索取号:K234.09/107=2] | 在馆 | |
| 3 | 1298194 | 212981941 | 第二借阅区/ [索取号:K234.09/107=2] | 在馆 | |
| 4 | 1298195 | 212981950 | 第二借阅区/ [索取号:K234.09/107=2] | 在馆 |